000 01226cab a2200241 4500
001 ABS45567
008 090401t1991 xxu||||| |||| 00| 0 eng d
035 _a(Sirsi) u53760
041 _aeng
245 _aWrotham Park Settled Estates v Hertsmere BC
260 _c1991
350 _a0
490 _aProperty and Compensation Reports
_v(1991) 62 P&CR 652-672(21)
520 _aLT 26 March 1991. It was held that the compensating authority, which had developed land under statutory powers in breach of a restrictive covenant imposed for the benefit of the plaintiffs` adjoining estate, should pay compensation under the Compulsory Purchase Act 1965 s10 based on the diminution in value of the plaintiffs` land and not, as contended by the plaintiffs, on difference in value of the acquired land as developed in breach of covenant and as developed within the restriction of the covenant.
650 _aCOMPENSATION
650 _aCompulsory purchase
_96228
650 _aINJURIOUS AFFECTION
650 _aLANDS TRIBUNAL DECISIONS
650 _aRESTRICTIVE COVENANTS
690 _aENVIRONMENTAL AND LAND CONSULTANCY-PLANNING AND DEVELOPMENT-COMPULSORY PURCHASE AND COMPENSATION
942 _n0
948 _c04/03/1997
999 _c33058
_d33058